Paroles 15 minutes - Sabrina Carpenter - Statistiques

Statistiques générales
  • Ce quiz a été pris 9 fois
  • Le résultat moyen est 193 sur 305
Statistiques - réponses
Hint Réponse % Correct
a
100%
I
100%
(I
100%
me
100%
to
100%
You
100%
you
100%
Couplet 1 The
88%
the
88%
15
75%
all
75%
(All
75%
can
75%
can)
75%
do
75%
finish
75%
I'm
75%
it
75%
Pré-Refrain It's
75%
it's
75%
lot
75%
Lot
75%
make
75%
minutes
75%
on
75%
Only
75%
so
75%
Take
75%
take
75%
them
75%
two
75%
bitches
63%
boys
63%
business
63%
But
63%
come
63%
did
63%
doing
63%
from?
63%
funny
63%
get
63%
gonna
63%
Guess
63%
into
63%
know
63%
means
63%
millions
63%
my
63%
no
63%
(No)
63%
of
63%
pretty
63%
right
63%
some
63%
something
63%
that
63%
Turn
63%
Coupllet 2 Where
63%
with
63%
you're
63%
And
50%
baby
50%
between
50%
bucks
50%
clock
50%
couple
50%
'em
50%
every
50%
is
50%
lately
50%
missing
50%
nice?
50%
off
50%
people
50%
Piss
50%
Say
50%
Show
50%
there's
50%
these
50%
they're
50%
time
50%
what
50%
When
50%
when
50%
yeah
50%
alive
38%
(Alive
38%
alive)
38%
babe
38%
battery
38%
Been
38%
brain
38%
conversations
38%
(Conversations
38%
crazy
38%
die
38%
die)
38%
Don't
38%
don't
38%
eat
38%
eyes
38%
fleeting
38%
gosh
38%
guy
38%
here
38%
high
38%
high)
38%
hold
38%
hope
38%
hot
38%
I'll
38%
just
38%
life
38%
like
38%
long
38%
matter
38%
maybe
38%
night
38%
Oh
38%
ooh
38%
out
38%
parties
38%
pictures
38%
(Tell
38%
through
38%
ticking
38%
time's
38%
up
38%
Well
38%
woodwork
38%
batshit
25%
Hard
25%
hoping
25%
leak
25%
Runnin'
25%
we're
25%
(Sure
13%
wrong)
13%
Aucun quiz correspondant
Distribution des résultats
% des personnes avec chaque résultat
Percentile par nombre de réponses
Votre historique - résultats
Vous n’avez pas pris ce quiz